000
00284nam a22001217a 4500
008
180301b xxu||||| |||| 00| 0 eng d
041
_a
eng
080
_a
34
100
_a
14
101
_a
kur
245
_a
tort law alternatives cases and materials
_c
marc.a.f
942
_2
udc
_c
BK
999
_c
43790
_d
43790